000 00578nam a22002057a 4500
005 20260311154809.0
008 260311b |||||||| |||| 00| 0 eng d
020 _a9789332582699
040 _cAL
041 _aEnglish
082 _a005.1
_bSOMS
100 _aIan Sommerville
_9258549
245 _aSoftware engineering
250 _a10.
260 _aNoida
_bPearson India Education Services Pvt Ltd
_c2026
300 _a808p.
_bPB
_c24X5
365 _aABDI/0854/26
_b₹275.00
_c
_d₹1100.00
_e25%
_f19-02-2026
650 _aComputer Science
_9258550
942 _2ddc
_cBK
999 _c241018
_d241018